| 000 | 01388nas a2200361 4500 | ||
|---|---|---|---|
| 001 | BR8706242 | ||
| 003 | BR-BrBNA | ||
| 005 | 20231205090842.0 | ||
| 007 | ta | ||
| 008 | 230509b bl.|||p| |||| 00| 00por d | ||
| 040 |
_aBR-BrBNA _bpor _cBiblioteca Nacional de Agricultura |
||
| 041 | _a(Pt) | ||
| 072 | _aF04 | ||
| 100 | 1 | _aBelfort, C.C. | |
| 100 | 1 | _aHaag, H.P. | |
| 100 | 1 | _aMatsumoto, T. | |
| 100 | 1 | _aCarmello, Q.A.C. | |
| 100 | 1 | _aSantos, J.W.C. | |
| 245 | 1 | _aNutricao mineral de hortalicas 70. Acumulacao de materia seca e recrutamento de macronutrientes pelo melao (Cucumis melo L. cv. Valenciano Amarelo CAC)cultivado em latossolo vermelho amarelo em Presidente Venceslau, Sao Paulo | |
| 246 | 1 | _aMineral nutrition of vegetable crops 70. Accumulation of dry matter and nutrients absorption of macronutrients by Muskmelon (Cucumis melo L. Valenciano amarelo CAC)cultivated in yellow red latosol in Presidente Venceslau, Sao Paulo, Brazil | |
| 650 | _aMELAO | ||
| 650 | _aMATERIA SECA | ||
| 650 | _aNITROGENIO | ||
| 650 | _aFOSFORO | ||
| 650 | _aPOTASSIO | ||
| 650 | _aCALCIO | ||
| 650 | _aMAGNESIO | ||
| 650 | _aENXOFRE | ||
| 650 | _aSAO PAULO | ||
| 773 | 0 |
_tAnais da Escola Superior de Agricultura Luiz de Queiroz (Brazil) _xISSN 0071-1276 _g(1986), v. 43(1) p. 159-218 _wBR8706242 |
|
| 909 |
_a202311 _bLúcia _c55 _dLúcia Elande |
||
| 942 |
_2AGRIS _n0 _cANA |
||
| 999 |
_c121249 _d121249 |
||